| 000 | 00818nam a2200277 a 4500 | ||
|---|---|---|---|
| 001 | 11158 | ||
| 003 | BD-RjUL | ||
| 005 | 20211208235059.0 | ||
| 008 | 140126s1952 ilua b 001 0 eng | ||
| 020 | _a0226454258 (pbk.) | ||
| 035 | _a(BD-RjUL)11207 | ||
| 040 |
_aDLC _cDLC _dDLC _dBD-RjUL _beng |
||
| 041 | _aeng | ||
| 082 | 0 | 0 |
_a306 _219 _bKRN |
| 100 | 1 |
_aKroeber, A. L. _q(Alfred Louis), _d1876-1960. _934515 |
|
| 245 | 1 | 4 |
_aThe nature of culture / _cby A.L. Kroeber. |
| 260 |
_aChicago : _bUniversity of Chicago Press, _cc1952. |
||
| 300 |
_ax, 437 p. : _bill. ; _c23 cm. |
||
| 490 | 1 | _aMidway reprint | |
| 504 | _aIncludes Bibliography: p. 419-426 and index. | ||
| 650 | 0 |
_aCulture _934516 |
|
| 650 | 0 |
_aEthnology _934517 |
|
| 830 | 0 |
_aMidway reprints. _9223917 |
|
| 942 |
_2ddc _cBK |
||
| 999 |
_c11158 _d11158 |
||